000 00692nam a2200229Ii 4500
003 JO-AjNU
008 230605s9999||||xx |||||||||||||| ||und||
017 _a2007/5/1217
020 _a978-9957-463-45-8
040 _aJO-AjNU
_bara
_erda
_cJO-AjNU
041 _aara
050 1 4 _aPJ507 2007
100 3 _aالزبيدي، سعيد جاسم,
_eauthor
_97840
245 0 0 _aعلى رصيف الغربة
250 _aط1
264 3 1 _aعمان: دار كنوز المعرفة، 2007
300 _a104ص
336 _atext
_btxt
_2rdacontent
337 _aunmediated
_bn
_2rdamedia
338 _avolume
_bnc
_2rdacarrier
650 4 _aالنقد الأدبي-التحليل الأدبي
_97841
999 _aA483
_c4051
_d4051